ALL top 1 HLTV CS:GO/CS2 - Statistics

General Stats
  • This quiz has been taken 34 times
    15 since last reset
  • The average score is 14 of 14
Answer Stats
Year country Answer % Correct
2026 France ZywOo
100%
2024 Russia Donk
100%
2018 Ukraine S1mple
100%
2021 Ukraine S1mple
100%
2022 Ukraine S1mple
100%
2019 France ZywOo
100%
2020 France ZywOo
100%
2023 France ZywOo
100%
2025 France ZywOo
100%
2016 Brazil coldzera
92%
2017 Brazil coldzera
92%
2013 Sweden Get_Right
92%
2014 Sweden Get_Right
92%
2015 Sweden olofmeister
85%
No matching quizzes found
Score Distribution
Percent of People with Each Score
Percentile by Number Answered
Your Score History
You have not taken this quiz since the last reset